000 00632nam a2200205 i 4500
001 51312
003 ES-MaACL
005 20240524062950.0
007 t|
008 030812s1956 sp ||||1| spa d
100 0 _aChesterton, G. K.,
_d1874-1936
_938399
245 1 3 _aEl hombre que fue jueves /
_cpor G.K. Chesterton ; [versión castellana de Alfonso Reyes].
260 _aBarcelona :
_bG.P.,
_c[1956] (
_fGuada)
300 _a158 p. ;
_c18 cm.
490 1 _aPlaza
700 1 _aReyes, Alfonso,
_d1889-1959
_996554
830 0 _aPlaza
_9181244
852 _aES-MaACL
_jC-11630
_bR.39713
999 _c51312
_d51312